Sports Quiz

Random Sports or Football Quiz

Ultimate English Premier League 2014/15 Quiz Stats

Quiz not verified by Sporcle

Challenge
Share
Tweet
Embed
Score 0/120 Timer 15:00
0 Plays Today
Hint Answer % Correct
Club 1Arsenal
92.8%
Club 9Red
92.8%
Club 11Manchester United
88.8%
Club 4Chelsea
87.5%
Club 9Liverpool
86.8%
Club 10Manchester City
86.8%
Club 4Blue
86.2%
Club 1Gunners
85.5%
Club 1Arsène Wenger
85.5%
Club 1Red and White
85.5%
Club 2Aston Villa
85.5%
Club 11Red and White
85.5%
Club 14Red and White
85.5%
Club 15Red and White
85.5%
Club 16Red and White
85.5%
Club 1Emirates Stadium
83.6%
Club 6Everton
83.6%
Club 18Tottenham Hotspurs
82.9%
Club 20West Ham United
82.9%
Club 3Burnley
82.2%
Club 12Newcastle
81.6%
Club 9The Reds
80.9%
Club 16Sunderland
80.9%
Club 14Southampton
80.3%
Club 6Blue and White
79.6%
Club 8Leicester City
79.6%
Club 8Blue and White
79.6%
Club 10Blue and White
79.6%
Club 11Wayne Rooney
79.6%
Club 13Blue and White
79.6%
Club 17White
79.6%
Club 19Blue and White
79.6%
Club 4José Mourinho
78.9%
Club 11The Red Devils
78.9%
Club 13Queens Park Rangers
78.9%
Club 7Hull City
78.3%
Club 9Steven Gerrard
78.3%
Club 15Stoke City
78.3%
Club 17Swansea
78.3%
Club 17The Swans
78.3%
Hint Answer % Correct
Club 4Stamford Bridge
77.6%
Club 4John Terry
77.6%
Club 11Old Trafford
77.6%
Club 4The Blues
77%
Club 9Brendan Rodgers
77%
Club 19West Bromich Albion
77%
Club 11Louis van Gaal
76.3%
Club 5Crystal Palace
75.7%
Club 9Anfield
75.7%
Club 18Spurs/The Lilywhites
75.7%
Club 10Etihad Stadium
75%
Club 10Vincent Kompany
75%
Club 12Black and White
74.3%
Club 18White and Black
74.3%
Club 10Manuel Pellegrini
73.7%
Club 6Roberto Martínez
71.7%
Club 2Villa Park
70.4%
Club 10The Sky Blues/The Citizens
69.1%
Club 1Mikel Arteta
68.4%
Club 6The Toffees
67.8%
Club 18White Hart Lane
67.8%
Club 20The Hammers
67.8%
Club 2Villains
67.1%
Club 6Goodison Park
67.1%
Club 6Phil Jagielka
66.4%
Club 7The Tigers
66.4%
Club 5Red and Blue
65.8%
Club 12The Magpies
65.8%
Club 2Tim Sherwood
65.1%
Club 7Steve Bruce
65.1%
Club 12St. James' Park
65.1%
Club 20Sam Allardyce
65.1%
Club 13The Hoops
63.8%
Club 14Ronald Koeman
63.8%
Club 15Mark Hughes
63.8%
Club 16Stadium of Light
63.2%
Club 20Upton Park/The Boleyn Ground
62.5%
Club 7Orange and Black
61.8%
Club 14Saints
61.8%
Club 14St Mary's Stadium
61.2%
Hint Answer % Correct
Club 18Mauricio Pochettino
60.5%
Club 3Clarets
59.2%
Club 15The Potters
59.2%
Club 16Gus Poyet
58.6%
Club 17Garry Monk
57.9%
Club 19The Baggies
57.9%
Club 5The Eagles
57.2%
Club 12John Carver
57.2%
Club 16The Black Cats
56.6%
Club 5Alan Pardew
55.9%
Club 12Fabricio Coloccini
55.9%
Club 17Liberty Stadium
55.9%
Club 17Ashley Williams
55.9%
Club 8The Foxes
55.3%
Club 20Kevin Nolan
55.3%
Club 2Claret and Blue
54.6%
Club 3Claret and Blue
54.6%
Club 13Loftus Road
54.6%
Club 15Britannia Stadium
54.6%
Club 20Claret and Blue
54.6%
Club 2Ron Vlaar
53.9%
Club 3Sean Dyche
53.9%
Club 3Turf Moor
53.9%
Club 13Chris Ramsey
53.9%
Club 14Kelvin Davis/José Fonte
53.9%
Club 15Ryan Shawcross
53.9%
Club 7KC Stadium
53.3%
Club 19Tony Pulis
53.3%
Club 19The Hawthorns
50.7%
Club 5Selhurst Park
50%
Club 18Younès Kaboul
50%
Club 16John O'Shea
48%
Club 5Mile Jedinak
46.7%
Club 8Nigel Pearson
46.7%
Club 8King Power Stadium
45.4%
Club 19Chris Brunt
41.4%
Club 8Wes Morgan
40.8%
Club 7Curtis Davies
32.2%
Club 13Clint Hill
28.3%
Club 3Jason Shackell
23%

You're not logged in!

Compare scores with friends on all Sporcle quizzes.
Join for Free
OR
Log In

You Might Also Like...

Show Comments

Extras

Top Quizzes Today


Score Distribution

Your Account Isn't Verified!

In order to create a playlist on Sporcle, you need to verify the email address you used during registration. Go to your Sporcle Settings to finish the process.

Report this User

Report this user for behavior that violates our Community Guidelines.

Details: